000 01718cab a22003135a 4500
001 L148583
008 091005s2009 xxk f l 000 0 eng d
035 _a(Sirsi) u148583
041 0 _aeng
100 1 _aDowden, Malcolm
245 0 0 _aLandlord and tenant update
260 _c2009
490 0 _aJournal of Property Investment and Finance
_v27(4) 2009, 433-438(6)
520 _aScottish Newcastle v Raguz (L145801) removed the need for landlords to serve protective Landlord and Tenant (Covenants) Act 1995 s17 notices on former tenants and their guarantors where a rent review date has passed but the revised rent has yet to be determined. Tenants facing delayed rent review demands are now challenging arbitration and expert determination on the grounds of procedural irregularity. Looks at the need for a ?term certain? regarding contracting out of Landlord and Tenant Act 1954 Act security of tenure, waiving the right to forfeit a lease, and the extended Carbon Reduction Commitment and green leases.
590 _aKA
650 2 4 _aSCOTTISH AND NEWCASTLE PLC V RAGUZ
650 2 4 _aLANDLORD AND TENANT (COVENANTS) ACT 1995
650 2 4 _aCANARY WHARF INVESTMENTS V TELEGRAPH GROUP LTD
650 2 4 _aMETROPOLITAN PROPERTY REALIZATIONS LTD V ATMORE INVESTMENTS LTD
650 2 4 _aLANDLORD AND TENANT ACT 1954
650 2 4 _aCITY OF LONDON CORPORATION V FELL
650 2 4 _aNEWHAM LBC V THOMAS-VAN STADEN
650 2 4 _aGREENWOOD REVERSIONS LTD V WORLD ENVIRONMENT FOUNDATION LTD AND ANOTHER
650 2 4 _aSEAHIVE INVESTMENTS V OSIBANJO
650 2 4 _aCARBON REDUCTION COMMITMENT
651 4 _aEngland and Wales
_y1543-
690 _aPROPERTY-LEASEHOLD PROPERTY-LANDLORD AND TENANT
942 _n0
999 _c81891
_d81891